| 000 | 00472nam a22001931c 4500 | ||
|---|---|---|---|
| 001 | a987670063 | ||
| 008 | 130211s1974 gw |||| 000u eng d | ||
| 041 | _aeng | ||
| 100 | 1 | _aWilson, Edward T. | |
| 245 | 0 | 0 | _aRussia and Black Africa before World War II |
| 264 |
_aNew York [u.a.] : _bHolmes & Meier, _c1974 |
||
| 300 | _a396 S. | ||
| 651 | 0 | _aRussland | |
| 651 | 0 | _aSowjetunion | |
| 651 | 0 | _aAfrika | |
| 942 | _cMG | ||
| 040 | _cRU-10907106 | ||
| 003 | RU-10907106 | ||
| 999 |
_c23430 _d23430 |
||